Саратовский санитарный обзор. Т.3, №19 (Запись № 4435990)

Подробности
000 -МАРКЕР
контрольное поле 01306nam2a22002531 4500
001 - ИДЕНТИФИКАТОР ЗАПИСИ
контрольное поле RU\NLR\INFOCOMM7\5000001858
005 - ИДЕНТИФИКАТОР ВЕРСИИ
контрольное поле 20250617005241.0
035 ## - ДРУГИЕ СИСТЕМНЫЕ НОМЕРА
Идентификатор записи (NLR Aleph) 002327367
100 ## - ДАННЫЕ ОБЩЕЙ ОБРАБОТКИ
Данные общей обработки 20041028d1893 |||y0rusy50 ca
101 0# - ЯЗЫК РЕСУРСА
Язык текста, звукозаписи и т.д. русский
102 ## - СТРАНА ПУБЛИКАЦИИ ИЛИ ПРОИЗВОДСТВА
Страна публикации Российская Федерация
105 ## - ПОЛЕ КОДИРОВАННЫХ ДАННЫХ: ТЕКСТОВЫЕ МАТЕРИАЛЫ, МОНОГРАФИЧЕСКИЕ
Кодированные данные о монографическом текстовом документе y ||||000|y
200 0# - ЗАГЛАВИЕ И СВЕДЕНИЯ ОБ ОТВЕТСТВЕННОСТИ
Основное заглавие Т.3, №19
210 ## - ПУБЛИКАЦИЯ, РАСПРОСТРАНЕНИЕ И ДР.
Дата издания, распространения и т.д. 1893
Место издания, распространения и т.д. Б. м.
421 #0 - ПРИЛОЖЕНИЕ
Встроенное поле 2001#$aСело Малая Сердоба Петровского уезда Саратовской губернии$fКушев Н.Е.
-- 210##$aСаратов$d1893
-- 309##$a(Припл.)
-- 700#1$aКушев$bН.Е.
Заглавие Село Малая Сердоба Петровского уезда Саратовской губернии
Автор Кушев, Н.Е.
461 #0 - УРОВЕНЬ НАБОРА
Встроенное поле 001RU\NLR\INFOCOMM7\5000001797
-- 2001#$aСаратовский санитарный обзор$eЗемско-мед. журн., изд. 2 раза в мес. Губ. земством$vТ.3, №19
Системный номер (АБИС) связанной записи 4435891
Место публикации [Саратов]
Дата публикации 1891-1895
Сведения, относящиеся к заглавию Земско-мед. журн., изд. 2 раза в мес. Губ. земством
Заглавие Саратовский санитарный обзор
Номер тома Т.3, №19
801 #1 - ИСТОЧНИК ЗАПИСИ
Страна Российская Федерация
Организация InfoComm
Дата составления 20041028
801 #0 - ИСТОЧНИК ЗАПИСИ
Страна Российская Федерация
Организация NLR
Правила каталогизации PSBO
852 ## - МЕСТОНАХОЖДЕНИЕ И ШИФР ХРАНЕНИЯ
Идентификатор организации NLR
Наименование фонда или коллекции (Sub-Location Identifier) ЗемП
Шифр хранения (Call Number) 36/3
942 ## - ДОПОЛНИТЕЛЬНЫЕ ЭЛЕМЕНТЫ ЗАПИСИ (АБИС)
Тип экземпляра АБИС Выпуск
980 ## - КОЛЛЕКЦИЯ
Название коллекции Национальная библиография
980 ## - КОЛЛЕКЦИЯ
Название коллекции Русская периодика

Нет доступных экземпляров.